1641 1179 1962 1392 1192 1192 1269 1271 1125 1586 1853 1375 1029 1502 1519 1521 1698 1906 1766 1290 1189 1253 1204 1977 1605 1806 1703 1523 1707 1102 1179 1387 1323 1537 1591 1047 1310 1237 1827 1845 1777 1890 1832 1212 1438 1765 1938 1494 1444 1350 1859 1815 1700 1684 1266 1958 1179 1523 1259 1549 1049 1314 1465 1247 1840 1944 1996 1869 1810 1220 1081 1119 1023 1271 1378 1981 1133 1414 1103 1507 1258 1643 1207 1949 1063 1092 1347 1405 1855 1654 1496 1660 1929 1227 1735 1977 1184 1247 1130 BCNSPRNW ULIB Ver.6.0+V

เปลี่ยนเป็นภาษาไทย

Change to English
 แสดงรายละเอียดบรรณานุกรม
  กลับหน้าหลัก

Brief Record : Get Marc (ISO 2709) : E-mail record : QR code < ปิดหน้าต่าง
LEADER : 00000nam 2200000uu 4500
001    13399110973
003     ULIB
008    110614s||||||||th 000 0 tha d
020    9789740641490
050 04 AC158^bด961ว 2551
100 1  กีซอง,โด
245 10 วิทยาศาสตร์ฉลาดรู้ เรื่อง หุ่นยนต์ /^cโดกีซอง, เขียน ;สถิตชลาลัย, แปล
250    พิมพ์ครั้งที่ 3
260    กรุงเทพฯ :^bอัมรินทร์คอมมิกส์,^c2551
300    199 หน้า :^bภาพประกอบ ;^c21 ซม.
440  0 ชุดวิทยาศาสตร์ฉลาดรู้ ;^vลำดับที่ 10
650  7 การ์ตูน
650  7 หุ่นยนต์^xวรรณกรรมสำหรับเด็ก
650  7 วรรณกรรมเกาหลี
650  7 วรรณกรรมสำหรับเด็ก
700 0  สถิตชลาลัย,^eผู้แปล
945    ^p199^l0^i024194
945    ^p199^l0^i024195
995    ทศพร
999 ^a ใช้งานได้ทุกระบบ
รายการนี้ยังไม่มีแท็ก
คุณยังไม่ได้ล็อกอิน คุณสามารถมีกิจกรรมร่วมกับเว็บไซต์ได้ แต่ต้องล็อกอินก่อน ::
  ล็อกอิน

รายการสื่อสารสนเทศ

ลำดับที่ ประเภท เลขเรียก/บาร์โค้ด สถานที่ สถานะ
- ไม่พบข้อมูล -

รายการใกล้เคียง
    ผู้แต่ง [กีซอง,โด]

    หัวเรื่อง [การ์ตูน]
    หัวเรื่อง [วรรณกรรมเกาหลี]
    หัวเรื่อง [วรรณกรรมสำหรับเด็ก]

BibComment


ยังไม่เคยถูกคอมเมนท์

คอมเมนท์ทรัพยากรรายการนี้
  คอมเมนท์: วิทยาศาสตร์ฉลาดรู..


 Copyright 2026. Bcnsprnw @Library